Statistiques concernant Paroles - Les Monos de ski - Palmashow

Cliquez ici pour prendre le quiz!

Statistiques générales

  • Ce quiz a été pris 40 fois
  • Le résultat moyen est 258 sur 436

Statistiques - réponses

Réponse% Correct
le
100%
mon
100%
ski
100%
de
97%
Les
97%
les
97%
monos
94%
ce
92%
La
92%
la
92%
a
89%
C'est
89%
c'est
89%
on
89%
On
89%
nous
86%
qui
86%
sais
83%
pas
81%
téléski
81%
tu
81%
Tu
81%
Hey
78%
perche
78%
vie
78%
belle
75%
Sur
72%
sur
72%
tient
72%
est
61%
et
53%
l'téléski
53%
au
50%
pistes
47%
des
42%
par
42%
du
36%
montagne
36%
nos
36%
télésiège
36%
avec
33%
Avec
33%
Bronzage
33%
connaît
33%
connait
33%
moi
33%
soleil
33%
station
33%
toi
33%
chaud
31%
en
31%
Marmotte
31%
Méribel
31%
pour
31%
Raclette
31%
un
31%
Viens
31%
viens
31%
vin
31%
vue
31%
bar
28%
chamois
28%
claque
28%
combis
28%
Ici
28%
optimum
28%
ouvertes
28%
que
28%
saucisson
28%
toute
28%
verre
28%
aux
25%
bons
25%
carrés
25%
Castor
25%
cours
25%
crevasses
25%
Dans
25%
dans
25%
Denis
25%
écrevisse
25%
fera
25%
huit
25%
ils
25%
JP
25%
Labello
25%
mètres
25%
passer
25%
Spar
25%
terrasse
25%
tes
25%
vertes
25%
ailes
22%
ange
22%
bises
22%
chez
22%
coeur
22%
Ecarte
22%
gonzesses
22%
masse
22%
Mets
22%
monoï
22%
notre
22%
parallèles
22%
plans
22%
P'tit
22%
qu'on
22%
skis
22%
sous
22%
stars
22%
ton
22%
toutes
22%
veux
22%
ample
19%
après
19%
bâtons
19%
chandelles
19%
Check
19%
connaissance
19%
Demande
19%
Dynastar
19%
forfait
19%
Jamais
19%
juste
19%
Juste
19%
l'Aiguillette
19%
mais
19%
même
19%
particulier
19%
partout
19%
Piou-piou
19%
plaisir
19%
plus
19%
poudreuse
19%
pousser
19%
queue
19%
sens
19%
soir
19%
Torse
19%
Alors
17%
besoin
17%
bien
17%
boss
17%
comme
17%
conseil
17%
d'altitude
17%
découvrir
17%
domaine
17%
d'un
17%
ferai
17%
griller
17%
jaloux
17%
jambes
17%
j'te
17%
l'air
17%
l'année
17%
l'habitude
17%
l'hiver
17%
mate
17%
Méditerranée
17%
nu
17%
potes
17%
resto
17%
sait
17%
soit
17%
T'as
17%
Trappeur
17%
vacances
17%
aussi
14%
Cambre-toi
14%
champagne
14%
claquées
14%
demoiselles
14%
donner
14%
fermés
14%
impressionnent
14%
Libres
14%
loisir
14%
mecs
14%
môme
14%
peur
14%
pompes
14%
Prends
14%
réveiller
14%
secrets
14%
semaine
14%
s'met
14%
sont
14%
t'fera
14%
T'inquiètes
14%
Vos
14%
vrai
14%
yeux
14%
chausse
11%
devant
11%
dragueurs
11%
n'ont
11%
tchatche
11%
godille
8%
l'Club
8%
P'tites
8%
bolée
6%

Distribution des résultats

Percentile par nombre de réponses

% des personnes avec chaque résultat

Votre développement - résultats

Vous n’avez pas pris ce quiz